000 00392nam a22001697a 4500
003 MPLRDC
005 20220104124213.0
008 210129b ||||| |||| 00| 0 eng d
082 _a811.7 LJB
100 _a刘季伯
245 _a新译余漫谈
_c
250 _a初版
260 _a
_b大光出版社有限公司
_c1978
300 _b
650 _a翻译
942 _cBK
_o811.7 LJB
999 _c17464
_d17454